Agricultural physics.
Guardado en:
| Autor Principal: | |
|---|---|
| Formato: | Libro |
| Idioma: | English |
| Publicado: |
New York :
Pergamon Press,
[1966]
|
| Edición: | [1st ed.]. |
| Materias: | |
| Etiquetas: |
Agregar Etiqueta
Sin Etiquetas, Sea el primero en etiquetar este registro!
|
| LEADER | 00471nam a22001695a 4500 | ||
|---|---|---|---|
| 001 | EEA.libagro008639 | ||
| 008 | 130809s1966####nyua##########000#0#eng#d | ||
| 005 | 20200312111831.0 | ||
| 245 | 1 | 0 | |a Agricultural physics. |
| 250 | |a [1st ed.]. | ||
| 260 | |a New York : |b Pergamon Press, |c [1966] | ||
| 300 | |a 226 p. : |b il. ; |c 19 cm. | ||
| 100 | 1 | |a Rose, C. W. | |
| 082 | 0 | 4 | |a 630.23 |
| 653 | |a Física agrícola | ||
| 010 | |a 66018398 | ||
| 859 | |a AR-BbBCA |b BIB. AGRONOMIA |h 630.23 |i R795 |p 1968/0265 | ||
